000 00536nam a22001937a 4500
003 KOHA_MİRAKIL
005 20251117155613.0
008 251117b tu ||||| |||| 00| 0 tur d
020 _a9786051557618
040 _aTR-AnABB
_btur
_cTR-AnABB
041 _atur
082 _a813.42
_bPEH 2018
100 1 _aPehlivan, Kübra,
245 1 0 _aYüzyıllık defter /
_cKübra Pehlivan
260 _aİstanbul :
_bÖtüken Neşriyat,
_c2018
300 _a142 sayfa ;
_c20 cm
650 0 4 _aTürk edebiyatı, roman
942 _2ddc
_cBK
999 _c9487
_d9487
900 _bGizem YORULMAZ